| 000 | 005430000a22001810004500 | ||
|---|---|---|---|
| 003 | MACL | ||
| 005 | 20160331114038.0 | ||
| 008 | 160331b xxu||||| |||| 00| 0 eng d | ||
| 040 |
_aMACL _cMACL |
||
| 041 | _aHindi | ||
| 082 | _a100 | ||
| 100 |
_aभावना प्रकाशन _949096 |
||
| 245 | _aभारत और भारतीय संस्कृति | ||
| 260 |
_bभावना प्रकाशन _c1992 _aनई दिल्ली |
||
| 350 | _a60 | ||
| 650 |
_aPhilisophy _949098 |
||
| 942 |
_cHIN _k100 _2ddc |
||
| 999 |
_c19999 _d19999 |
||